000 00372nam a22001217a 4500
008 131202b xxu||||| |||| 00| 0 eng d
050 _aPG3326.D7 1960
100 _aDostoevsky, Fyodor
_94593
245 _aThe Dream of a Queer Fellow and the Pushkin Speech
_c Fyodor Dostoevsky
260 _aLondon
_bUnwin Books
_c1960
300 _a95p.;
_c 29cm.
942 _2lcc
_cMONOGRAPH
999 _c118902
_d118902